Подробности
| 000 -МАРКЕР |
| контрольное поле |
02443nam2a2200361 4500 |
| 001 - ИДЕНТИФИКАТОР ЗАПИСИ |
| контрольное поле |
RU\NLR\BIBL_A\012879081 |
| 005 - ИДЕНТИФИКАТОР ВЕРСИИ |
| контрольное поле |
20250624211610.0 |
| 021 ## - НОМЕР ГОСУДАРСТВЕННОЙ РЕГИСТРАЦИИ |
| Код страны |
российская федерация |
| Номер |
2022-44414 |
| Номер Листа государственной регистраци |
КН-П-3839 |
| 035 ## - ДРУГИЕ СИСТЕМНЫЕ НОМЕРА |
| Идентификатор записи |
(RuMoRGB)011136014 |
| 035 ## - ДРУГИЕ СИСТЕМНЫЕ НОМЕРА |
| Идентификатор записи |
(NLR Aleph) 012879081 |
| 100 ## - ДАННЫЕ ОБЩЕЙ ОБРАБОТКИ |
| Данные общей обработки |
20220831d2022 |||y0rusy50 ca |
| 101 0# - ЯЗЫК РЕСУРСА |
| Язык текста, звукозаписи и т.д. |
русский |
| -- |
английский |
| 102 ## - СТРАНА ПУБЛИКАЦИИ ИЛИ ПРОИЗВОДСТВА |
| Страна публикации |
российская федерация |
| 105 ## - ПОЛЕ КОДИРОВАННЫХ ДАННЫХ: ТЕКСТОВЫЕ МАТЕРИАЛЫ, МОНОГРАФИЧЕСКИЕ |
| Кодированные данные о монографическом текстовом документе |
c|||z|||1||z| |
| 200 1# - ЗАГЛАВИЕ И СВЕДЕНИЯ ОБ ОТВЕТСТВЕННОСТИ |
| Основное заглавие |
Осуществление уголовной юрисдикции Германии и международное право |
| Параллельное заглавие |
Exercise of criminal jurisdiction by Germany and international law |
| Сведения, относящиеся к заглавию |
[лекции 2021 года] |
| Первые сведения об ответственности |
Манфред Даустер |
| Язык параллельного заглавия |
английский |
| 210 ## - ПУБЛИКАЦИЯ, РАСПРОСТРАНЕНИЕ И ДР. |
| Дата издания, распространения и т.д. |
2022 |
| Место издания, распространения и т.д. |
Б. м. |
| 215 ## - ФИЗИЧЕСКАЯ ХАРАКТЕРИСТИКА |
| Специфическое обозначение материала и объем |
192 с. |
| Другие сведения о физической характеристике |
портр. |
| 300 ## - ОБЩИЕ ПРИМЕЧАНИЯ |
| Текст примечания |
Авт. также на англ. яз.: Manfred Dauster |
| 300 ## - ОБЩИЕ ПРИМЕЧАНИЯ |
| Текст примечания |
На 7-й с. авт.: Манфред Даустер имеет доктор. степень в обл. конституцион. права |
| 320 ## - ПРИМЕЧАНИЯ О НАЛИЧИИ В ДОКУМЕНТЕ БИБЛИОГРАФИИ / УКАЗАТЕЛЯ |
| Текст примечания |
Библиогр.: с. 174-192 и в тексте примеч. |
| 461 #0 - УРОВЕНЬ НАБОРА |
| Встроенное поле |
001RU\NLR\BIBL_A\012451676 |
| -- |
2001#$aЛекции летней школы по международному публичному праву$dCourses of the summer school on public international law$fЦентр международных и сравнительно-правовых исследований$zeng$vТ. 13 |
| Системный номер (АБИС) связанной записи |
11978659 |
| Место публикации |
Москва |
| Дата публикации |
2020 |
| Первые сведения об ответственности |
Центр международных и сравнительно-правовых исследований |
| Параллельное заглавие |
Courses of the summer school on public international law |
| Имя издателя, распространителя и т.д. |
Центр международных и сравнительно-правовых исследований |
| Заглавие |
Лекции Летней школы по международному публичному праву |
| Номер тома |
Т. 13 |
| 510 1# - ПАРАЛЛЕЛЬНОЕ ЗАГЛАВИЕ |
| Связь между полями |
z55790 |
| Параллельное заглавие |
Exercise of criminal jurisdiction by Germany and international law |
| Язык заглавия |
английский |
| 606 1# - НАИМЕНОВАНИЕ ТЕМЫ КАК ПРЕДМЕТ |
| Наименование темы |
Международное право |
| Формальный подзаголовок |
Учебные издания |
| Тематический подзаголовок |
Нормы |
| -- |
Взаимодействие с национальными правовыми системами |
| Системный номер авторитетной/нормативной записи |
2457552 |
| Идентификатор авторитетной/нормативной записи |
RU\NLR\AUTH\661460623 |
| 686 1# - ИНДЕКСЫ ДРУГИХ КЛАССИФИКАЦИЙ |
| Индекс |
Х91г(4Г)я7-2 |
| 686 1# - ИНДЕКСЫ ДРУГИХ КЛАССИФИКАЦИЙ |
| Индекс |
Х893.9(4Г)2я7-2 |
| 701 #1 - ИМЯ ЛИЦА - АЛЬТЕРНАТИВНАЯ ОТВЕТСТВЕННОСТЬ |
| Начальный элемент ввода |
Даустер |
| Часть имени, кроме начального элемента ввода |
М. |
| Расширение инициалов личного имени |
Манфред |
| 790 #1 - ИМЯ ЛИЦА - АЛЬТЕРНАТИВНАЯ ФОРМА |
| Связь между полями |
z55510 |
| Начальный элемент ввода |
Dauster |
| Часть имени, кроме начального элемента ввода |
M. |
| Расширение инициалов личного имени |
Manfred |
| 942 ## - ДОПОЛНИТЕЛЬНЫЕ ЭЛЕМЕНТЫ ЗАПИСИ (АБИС) |
| Тип экземпляра АБИС |
Книга |
| 980 ## - КОЛЛЕКЦИЯ |
| Название коллекции |
Национальная библиография |